[Event "Australian-ch 2018"]
[Site "Sydney"]
[Date "2018.01.09"]
[Round "8"]
[White "Illingworth, Max"]
[Black "Cheng, Bobby"]
[Result "1-0"]
[WhiteElo "2494"]
[BlackElo "2504"]
[PlyCount "67"]
[EventDate "2018.01.02"]
[EventType "tourn"]
[EventCountry "AUS"]

{[%evp 10,67,45,28,41,18,26,26,15,41,23,24,29,12,17,16,23,14,37,40,99,95,132,96,119,117,130,122,112,125,123,122,399,414,468,454,450,439,435,436,434,435,439,425,523,509,498,493,734,737,743,681,1209,1304,1296,1277,1295,965,1038,1006]} 1. e4 g6 2. d4 Bg7 3. Nf3 d6 4. Bc4 Nf6 5. Qe2 Nc6 6. h3 O-O {B06: Modern Defence} 7. e5 (7. O-O e5 8. dxe5 Nxe5 9. Nxe5 dxe5 10. Rd1 Qe7 11. Nc3 c6 12. a4 Nh5 13. b3 Nf4 14. Qf3 {1-0 (40) Vachier Lagrave,M (2710)-Gashimov,V (2757) Beijing 2011}) 7... Nd7 {[%cal Rd6e5]} 8. e6 Nb6 {White has an edge.} 9. exf7+ Kh8 10. Nc3 $146 ({Predecessor:} 10. Bb3 d5 11. c3 Rxf7 12. O-O Bf5 13. Bg5 Qd7 14. Bh4 {1-0 (49) Vorobiov,E (2583)-Jansa,V (2439) Bayerisch Eisenstein 2013}) 10... d5 11. Bb3 Nxd4 12. Nxd4 Bxd4 13. Be3 $36 {[%mdl 2048] White has good play.} Bg7 14. h4 {[%cal Bh3h4,Bh4h5][%mdl 32]} e6 ({Black should play} 14... c6 $14) 15. f4 Qf6 16. h5 {Strongly threatening h6.} Qxf7 {[#] ...d4 is the strong threat.} 17. O-O-O $1 Bd7 18. g4 Bc6 {[#] Black wants to play ...d4.} 19. hxg6 $1 Qxg6 20. Rh5 Nd7 $2 {[%mdl 8192]} (20... Nc4 $16 {was called for.}) 21. Rdh1 $18 Nf6 22. Rg5 {White is clearly winning.} Qf7 23. Bd4 Ne8 24. Bxg7+ Nxg7 25. Qd3 {[%csl Gh1][%cal Rd3h7]} Qg8 26. Qd4 Be8 27. f5 c5 28. Qxc5 Qf7 (28... Rf6 $142 29. fxe6 Qxe6 30. Bxd5 Qd6 31. Qxd6 Rxd6 32. Bxb7 Rad8) 29. Rh6 Bc6 30. Qd4 e5 31. Qxe5 Rae8 32. Qh2 Ne6 33. fxe6 {White wants to mate with Qe5+.} Qf1+ 34. Nd1 {Precision: White = 80%, Black = 34%.} 1-0

[Event "Australian-ch 2018"]
[Site "Sydney"]
[Date "2018.01.09"]
[Round "8"]
[White "Lane, Gary W"]
[Black "Kethro, Michael"]
[Result "1-0"]
[WhiteElo "2401"]
[BlackElo "2195"]
[PlyCount "45"]
[EventDate "2018.01.02"]
[EventType "tourn"]
[EventCountry "AUS"]
[TimeControl "40/5400+30:1800+30"]

1. e4 {[%emt 0:00:00]} e6 {[%emt 0:01:58]} 2. d4 {[%emt 0:00:29]} d5 {[%emt 0:00:12]} 3. Nd2 {[%emt 0:00:07]} c5 {[%emt 0:00:25]} 4. exd5 {[%emt 0:01:13]} Qxd5 {[%emt 0:00:14]} 5. Ngf3 {[%emt 0:01:23]} cxd4 {[%emt 0:00:30]} 6. Bc4 {[%emt 0:00:06]} Qd7 {[%emt 0:01:53]} 7. O-O {[%emt 0:01:48]} Nc6 {[%emt 0:00:38]} 8. Nb3 {[%emt 0:01:39]} Nf6 {[%emt 0:01:40]} 9. Nbxd4 {[%emt 0:02:14]} Nxd4 {[%emt 0:00:17]} 10. Nxd4 {[%emt 0:00:04]} a6 {[%emt 0:00:28]} 11. Re1 {[%emt 0:04:26]} b5 {[%emt 0:09:32]} 12. Bb3 {[%emt 0:04:26]} Bc5 {[%emt 0:18:14]} 13. Be3 {[%emt 0:06:14]} e5 {[%emt 0:18:17]} 14. Nf3 {[%emt 0:07:31]} Qxd1 {[%emt 0:08:05]} 15. Raxd1 {[%emt 0:00:06]} Bxe3 {[%emt 0:05:07]} 16. Rxe3 {[%emt 0:00:06]} O-O {[%emt 0:04:22]} 17. Nxe5 {[%emt 0:02:03]} Ng4 {[%emt 0:06:25]} 18. Nxg4 {[%emt 0:07:48]} Bxg4 {[%emt 0:00:08]} 19. f3 {[%emt 0:00:08]} Bh5 {[%emt 0:03:08]} 20. g4 {[%emt 0:02:57]} Bg6 {[%emt 0:00:31]} 21. f4 {[%emt 0:00:21]} h6 {[%emt 0:00:57]} 22. f5 {[%emt 0:01:56]} Bh7 {[%emt 0:00:20]} 23. Rd7 {[%emt 0:00:55]} 1-0

[Event "Australian-ch 2018"]
[Site "Sydney"]
[Date "2018.01.09"]
[Round "8"]
[White "Solomon, Stephen J"]
[Black "Morris, James"]
[Result "1-0"]
[WhiteElo "2365"]
[BlackElo "2477"]
[PlyCount "77"]
[EventDate "2018.01.02"]
[EventType "tourn"]
[EventCountry "AUS"]

{[%evp 22,77,23,15,22,25,34,0,4,0,0,-20,-7,-5,0,-5,52,51,60,59,60,56,148,150,199,204,208,211,222,214,226,193,283,277,297,280,282,266,270,200,207,194,215,212,310,296,280,267,356,244,486,259,440,435,1183,1166,2864,2801]} 1. e4 e5 2. Nf3 Nc6 3. Bb5 a6 4. Ba4 d6 5. O-O Bd7 6. c3 g6 7. d4 Bg7 8. Re1 b5 9. Bb3 Nf6 10. Bg5 h6 11. Bh4 O-O 12. Nbd2 {[%cal Bb1d2,Bd2f1,Bf1e3][%mdl 32]} Re8 {C79: Ruy Lopez: Steinitz-type lines with 3...a6 4 Ba4 Nf6 5 0-0 d6} 13. dxe5 dxe5 14. Nf1 (14. Bd5 Qc8 15. Bxf6 Bxf6 {1-0 (40) Almasi,Z (2700)-Sandipan,C (2585) Abu Dhabi 2015}) 14... Na5 {The position is equal.} 15. Bxf6 $146 ({Find the theoretical novelty and annotate with similar games:} 15. Bc2 Nc4 16. b3 Nd6 17. N3d2 g5 18. Bg3 h5 19. h4 Ng4 20. Nf3 {1-0 (58) Tesik,C (2299)-Rzayev,B (2230) Budapest 2011}) 15... Bxf6 16. Ne3 c6 17. Bc2 Nb7 18. a4 Re6 (18... Be6 $11) 19. axb5 $14 cxb5 20. Bb3 Rd6 21. Bd5 a5 (21... Bc6 $14) 22. c4 $16 Qb6 {[#]} 23. b4 $1 {[%mdl 512]} Rc8 (23... axb4 24. Rxa8+) 24. c5 Nxc5 25. bxc5 Rxc5 26. Qd2 b4 (26... a4 {is a better defense.} 27. Red1 Be6) 27. Qa2 $18 Qb8 28. Bxf7+ Kg7 29. Red1 a4 30. Rxd6 Qxd6 31. Bd5 Rc3 32. Qd2 a3 (32... Rc7 {might work better.} 33. h3 b3) 33. h4 h5 34. Rb1 Bb5 35. Kh2 Qc5 $2 {[#]} (35... Qf8 36. Nc2 Be7) 36. Ne1 (36. g4 $142) 36... Ba4 $2 (36... Qd4 37. Qa2 Ba4) 37. Nd3 {White is clearly winning.} Qd6 (37... Rxd3 $142 38. Qxd3 Bxh4) 38. Rxb4 a2 39. Qxc3 {Precision: White = 65%, Black = 29%.} 1-0

[Event "Australian-ch 2018"]
[Site "Sydney"]
[Date "2018.01.09"]
[Round "8"]
[White "Clarke, Brandon G I"]
[Black "Puccini, Jack"]
[Result "1-0"]
[WhiteElo "2360"]
[BlackElo "2278"]
[PlyCount "73"]
[EventDate "2018.01.02"]
[EventType "tourn"]
[EventCountry "AUS"]
[TimeControl "40/5400+30:1800+30"]

1. d4 {[%emt 0:03:30]} Nf6 {[%emt 0:00:45]} 2. c4 {[%emt 0:00:34]} g6 {[%emt 0:00:15]} 3. Nc3 {[%emt 0:00:22]} Bg7 {[%emt 0:00:05]} 4. e4 {[%emt 0:00:15]} d6 {[%emt 0:00:05]} 5. Be2 {[%emt 0:00:05]} O-O {[%emt 0:00:15]} 6. Be3 {[%emt 0:00:13]} e5 {[%emt 0:05:55]} 7. d5 {[%emt 0:00:06]} Na6 {[%emt 0:00:12]} 8. g4 {[%emt 0:00:08]} Nc5 {[%emt 0:00:34]} 9. f3 {[%emt 0:00:02]} h5 {[%emt 0:00:24]} 10. g5 {[%emt 0:00:05]} Nh7 {[%emt 0:00:05]} 11. h4 {[%emt 0:00:12]} f6 {[%emt 0:00:05]} 12. gxf6 {[%emt 0:00:04]} Bxf6 {[%emt 0:00:07]} 13. Bf2 {[%emt 0:00:05]} Be7 {[%emt 0:00:13]} 14. Kd2 {[%emt 0:00:06]} a5 {[%emt 0:00:41]} 15. Kc2 {[%emt 0:00:06]} c6 {[%emt 0:02:17]} 16. Qf1 {[%emt 0:01:09]} cxd5 {[%emt 0:15:17]} 17. Nxd5 {[%emt 0:02:50]} Nf6 {[%emt 0:05:36]} 18. Qg2 {[%emt 0:02:24]} Kh7 {[%emt 0:05:41]} 19. Nc3 {[%emt 0:12:13]} a4 {[%emt 0:11:13]} 20. Nh3 {[%emt 0:03:11]} Bxh3 {[%emt 0:12:54]} 21. Rxh3 {[%emt 0:00:42]} Ne6 {[%emt 0:00:18]} 22. Be3 {[%emt 0:00:21]} Nd4+ {[%emt 0:12:28]} 23. Bxd4 {[%emt 0:01:53]} exd4 {[%emt 0:00:06]} 24. Rg1 {[%emt 0:09:29]} Rg8 {[%emt 0:04:34]} 25. Nb5 {[%emt 0:00:25]} Rc8 {[%emt 0:01:15]} 26. Kb1 {[%emt 0:01:34]} a3 {[%emt 0:05:37]} 27. Rg3 {[%emt 0:06:34]} Qe8 {[%emt 0:02:31]} 28. b3 {[%emt 0:04:57]} Bf8 {[%emt 0:02:21]} 29. Bd3 {[%emt 0:01:14]} Nd7 {[%emt 0:05:01]} 30. f4 {[%emt 0:03:23]} Nf6 {[%emt 0:01:34]} 31. e5 {[%emt 0:05:03]} Ng4 {[%emt 0:00:35]} 32. exd6 {[%emt 0:00:47]} Qf7 {[%emt 0:01:38]} 33. Rxg4 {[%emt 0:04:01]} hxg4 {[%emt 0:00:13]} 34. h5 {[%emt 0:00:54]} Qxf4 {[%emt 0:01:08]} 35. hxg6+ {[%emt 0:00:52]} Kh6 {[%emt 0:00:57]} 36. Rh1+ {[%emt 0:00:33]} Kg5 {[%emt 0:00:30]} 37. Qd5+ {[%emt 0:00:02]} 1-0

[Event "Australian-ch 2018"]
[Site "Sydney"]
[Date "2018.01.09"]
[Round "8"]
[White "Dale, Ari"]
[Black "Ly, Moulthun"]
[Result "0-1"]
[WhiteElo "2356"]
[BlackElo "2480"]
[PlyCount "64"]
[EventDate "2018.01.02"]
[EventType "tourn"]
[EventCountry "AUS"]

{[%evp 21,64,29,34,0,1,-24,11,-20,15,16,21,12,39,39,42,43,34,37,38,0,22,4,22,0,41,54,50,43,52,0,60,-81,-70,-375,-374,-509,-505,-496,-457,-484,-470,-29994,-29995,-29995,-29996]} 1. d4 Nf6 2. c4 e6 3. Nc3 Bb4 4. e3 d5 5. a3 Bxc3+ 6. bxc3 O-O 7. cxd5 {E40: Nimzo-Indian: Rubinstein (4 e3): Unusual Black 4th moves} (7. Bd3 c6 8. Ne2 b6 9. O-O Ba6 10. cxd5 cxd5 11. Bxa6 Nxa6 12. Qd3 Qc8 13. f3 Nb8 14. e4 Qa6 15. Qe3 Nc6 {1-0 (52) Radjabov,T (2741)-Movsesian,S (2671) Heraklio 2017}) 7... exd5 8. Bd3 Bg4 9. f3 Bh5 10. Ne2 c5 11. O-O Bg6 {LiveBook: 3 Games} 12. Ng3 Nc6 13. Ra2 {[%cal Ba1a2,Ba2e2,Be2c2,Bc2c5,Bc5b5][%mdl 32]} Qa5 $146 ({Predecessor:} 13... Re8 14. Re1 cxd4 15. cxd4 Rc8 16. Kh1 Qc7 17. Rd2 Na5 18. e4 dxe4 19. fxe4 Qxc1 20. Qxc1 Rxc1 21. Rxc1 {1-0 (58) Buslaev,A-Averbakh,Y Yerevan 1959}) 14. Re2 Qxc3 15. Bxg6 hxg6 16. Rc2 Qb3 (16... Qa5 {looks sharper.} 17. Rxc5 Qc7 18. Qd3 Rfc8 19. Ne2 Qd7) 17. Rxc5 Qxd1 18. Rxd1 Rfc8 19. Bd2 b6 20. Rb5 Nd8 21. Ne2 Nb7 22. Bb4 Re8 23. Kf2 Rac8 24. a4 Rc2 25. Rb1 (25. Rd2 $14 Rxd2 26. Bxd2) 25... Nd8 (25... Ra2 $11) 26. a5 {[#]} (26. Bc3 $14) 26... Ne6 $1 $36 {[%cal Re6d4][%mdl 2048] White must now prevent ...Nxd4! Black fights for an advantage.} 27. Bc3 $2 {[%mdl 8192] [#]} (27. Bd6 $1 $15) 27... Nf4 $1 $19 {[%cal Rf4e2][%mdl 512]} 28. exf4 {And now Re1 would win.} Rexe2+ 29. Kf1 Rf2+ 30. Kg1 Rxg2+ 31. Kh1 (31. Kf1 $19 Rxh2 32. Bd2 Rcxd2 33. Kg1 Nh5 34. Rc1 Rhg2+ 35. Kf1 Ng3+ 36. Ke1 Rge2#) 31... Rxh2+ 32. Kg1 Nh5 {Precision: White = 24%, Black = 49%.} 0-1

[Event "Australian-ch 2018"]
[Site "Sydney"]
[Date "2018.01.09"]
[Round "8"]
[White "Brown, Andrew"]
[Black "Xie, George Wendi"]
[Result "0-1"]
[WhiteElo "2293"]
[BlackElo "2369"]
[PlyCount "81"]
[EventDate "2018.01.02"]
[EventType "tourn"]
[EventCountry "AUS"]
[TimeControl "40/5400+30:1800+30"]

1. d4 {[%emt 0:00:00]} d6 {[%emt 0:00:03]} 2. e4 {[%emt 0:00:48]} g6 {[%emt 0:00:03]} 3. Nf3 {[%emt 0:01:43]} Bg7 {[%emt 0:01:40]} 4. Bc4 {[%emt 0:00:23]} Nf6 {[%emt 0:00:29]} 5. Nc3 {[%emt 0:02:01]} O-O {[%emt 0:00:31]} 6. h3 {[%emt 0:04:16]} Nxe4 {[%emt 0:01:52]} 7. Nxe4 {[%emt 0:00:36]} d5 {[%emt 0:00:05]} 8. Bd3 {[%emt 0:00:36]} dxe4 {[%emt 0:00:04]} 9. Bxe4 {[%emt 0:00:06]} c5 {[%emt 0:01:25]} 10. dxc5 {[%emt 0:09:07]} Qxd1+ {[%emt 0:06:04]} 11. Kxd1 {[%emt 0:00:08]} Na6 {[%emt 0:00:02]} 12. c6 {[%emt 0:07:26]} bxc6 {[%emt 0:00:21]} 13. Bf4 {[%emt 0:12:02]} Nb4 {[%emt 0:09:52]} 14. c3 {[%emt 0:23:48]} Rd8+ {[%emt 0:05:42]} 15. Bd2 {[%emt 0:06:53]} Nd3 {[%emt 0:02:07]} 16. Bxd3 {[%emt 0:02:34]} Rxd3 {[%emt 0:00:12]} 17. Re1 {[%emt 0:07:00]} Bxh3 {[%emt 0:04:42]} 18. Ke2 {[%emt 0:02:33]} Bf5 {[%emt 0:00:14]} 19. g4 {[%emt 0:01:07]} Rxd2+ {[%emt 0:04:55]} 20. Nxd2 {[%emt 0:03:25]} Bxg4+ {[%emt 0:00:07]} 21. f3 {[%emt 0:00:42]} Be6 {[%emt 0:00:32]} 22. Ne4 {[%emt 0:06:28]} Rb8 {[%emt 0:00:10]} 23. b3 {[%emt 0:00:46]} f5 {[%emt 0:03:46]} 24. Nc5 {[%emt 0:02:26]} Bf7 {[%emt 0:00:06]} 25. Red1 {[%emt 0:01:30]} a5 {[%emt 0:04:37]} 26. Rd3 {[%emt 0:01:19]} h5 {[%emt 0:00:31]} 27. a4 {[%emt 0:02:02]} h4 {[%emt 0:06:53]} 28. f4 {[%emt 0:00:27]} Re8 {[%emt 0:02:22]} 29. Rh1 {[%emt 0:01:44]} e5 {[%emt 0:02:54]} 30. Re3 {[%emt 0:00:12]} exf4 {[%emt 0:02:10]} 31. Rxe8+ {[%emt 0:00:05]} Bxe8 {[%emt 0:00:01]} 32. b4 {[%emt 0:01:09]} Bxc3 {[%emt 0:00:21]} 33. bxa5 {[%emt 0:00:07]} Bxa5 {[%emt 0:00:07]} 34. Rxh4 {[%emt 0:00:20]} g5 {[%emt 0:03:30]} 35. Rh6 {[%emt 0:00:53]} g4 {[%emt 0:00:03]} 36. Rf6 {[%emt 0:00:38]} Bf7 {[%emt 0:07:24]} 37. Rxf5 {[%emt 0:00:20]} Bc4+ {[%emt 0:00:02]} 38. Nd3 {[%emt 0:00:46]} f3+ {[%emt 0:01:01]} 39. Ke3 {[%emt 0:00:08]} Bb6+ {[%emt 0:00:29]} 40. Nc5 {[%emt 0:00:51]} Bd5 {[%emt 0:30:47]} 41. Kd4 0-1

[Event "Australian-ch 2018"]
[Site "Sydney"]
[Date "2018.01.09"]
[Round "8"]
[White "Guichard, Pauline"]
[Black "Asaka, Samuel"]
[Result "1-0"]
[WhiteElo "2269"]
[BlackElo "1959"]
[PlyCount "59"]
[EventDate "2018.01.02"]
[EventType "tourn"]
[EventCountry "AUS"]
[TimeControl "40/5400+30:1800+30"]

1. d4 {[%emt 0:01:30]} d5 {[%emt 0:00:08]} 2. Bf4 {[%emt 0:00:08]} Nf6 {[%emt 0:00:30]} 3. e3 {[%emt 0:00:30]} e6 {[%emt 0:00:00]} 4. Nf3 {[%emt 0:00:00]} Bd6 {[%emt 0:00:00]} 5. Bg3 {[%emt 0:00:00]} O-O {[%emt 0:00:00]} 6. Nbd2 {[%emt 0:00:04]} b6 {[%emt 0:00:09]} 7. Bd3 {[%emt 0:02:05]} c5 {[%emt 0:03:06]} 8. c3 {[%emt 0:00:50]} Ba6 {[%emt 0:00:32]} 9. Bxa6 {[%emt 0:02:07]} Nxa6 {[%emt 0:00:10]} 10. Qe2 {[%emt 0:00:03]} Nb8 {[%emt 0:00:12]} 11. Ne5 {[%emt 0:03:37]} Qc7 {[%emt 0:02:45]} 12. O-O {[%emt 0:00:23]} Nc6 {[%emt 0:00:31]} 13. f4 {[%emt 0:00:24]} g6 {[%emt 0:00:30]} 14. Rac1 {[%emt 0:00:30]} Nh5 {[%emt 0:00:30]} 15. Bh4 {[%emt 0:00:30]} f6 {[%emt 0:00:30]} 16. g4 {[%emt 0:00:30]} Ng7 {[%emt 0:00:30]} 17. Nd3 {[%emt 0:00:30]} c4 {[%emt 0:00:30]} 18. Ne1 {[%emt 0:00:30]} b5 {[%emt 0:00:30]} 19. Ng2 {[%emt 0:00:30]} b4 {[%emt 0:00:30]} 20. e4 {[%emt 0:00:30]} bxc3 {[%emt 0:00:30]} 21. bxc3 {[%emt 0:00:30]} Rab8 {[%emt 0:00:30]} 22. Ne3 {[%emt 0:00:30]} Bxf4 {[%emt 0:00:30]} 23. exd5 {[%emt 0:00:30]} Bxe3+ {[%emt 0:00:30]} 24. Qxe3 {[%emt 0:00:30]} exd5 {[%emt 0:00:30]} 25. Bg3 {[%emt 0:00:30]} Rbe8 {[%emt 0:00:30]} 26. Qxe8 {[%emt 0:00:30]} Qxg3+ {[%emt 0:00:30]} 27. hxg3 {[%emt 0:00:30]} Nxe8 28. Rce1 {[%emt 0:42:11]} Kf7 {[%emt 1:10:27]} 29. Nf3 {[%emt 0:00:30]} Nd6 30. Ng5+ 1-0

[Event "Australian-ch 2018"]
[Site "Sydney"]
[Date "2018.01.10"]
[Round "9"]
[White "Cheng, Bobby"]
[Black "Guichard, Pauline"]
[Result "1/2-1/2"]
[WhiteElo "2504"]
[BlackElo "2269"]
[PlyCount "209"]
[EventDate "2018.01.02"]
[EventType "tourn"]
[EventCountry "AUS"]

{[%evp 22,209,35,29,35,33,26,25,89,89,86,78,146,152,143,145,148,138,142,146,140,141,120,77,74,77,110,106,108,108,106,59,52,51,51,52,72,0,0,0,31,52,65,17,16,12,18,22,22,21,21,10,69,-61,27,28,21,24,19,8,36,8,8,8,13,13,13,13,13,13,13,13,13,16,31,22,22,24,26,22,21,21,24,13,13,14,31,24,30,17,26,13,13,13,13,13,20,14,14,11,26,24,25,22,22,22,22,13,13,8,12,0,26,8,26,26,26,0,60,60,75,72,129,129,129,129,129,129,130,130,521,81,81,0,521,75,75,75,75,75,75,8,8,0,86,0,8,8,8,8,54,0,8,8,8,8,8,8,61,8,8,0,61,0,8,8,61,8,8,8,8,8,3,3,61,0,12,0,61,0,75,0,1,2,8,0,0,0,1,0]} 1. d4 d6 2. Nf3 g6 3. c4 Bg7 4. Nc3 e5 5. dxe5 dxe5 6. Qxd8+ Kxd8 7. Bd2 Be6 {A41: 1 d4 d6: Tartakower System and Modern Defence} 8. O-O-O Nd7 9. Ng5 Bxc4 10. e4 Bxf1 11. Rhxf1 Nh6 12. f4 {LiveBook: 5 Games} c6 13. f5 Ke7 14. h3 {[#]} gxf5 $146 (14... Rhd8 $11) ({Predecessor:} 14... b6 15. g4 {½-½ (30) Nielsen,P (2668)-Nisipeanu,L (2679) Gothenburg 2005}) 15. exf5 $16 f6 16. Nce4 {[%cal Bc3e4,Be4g3,Bg3h5][%mdl 1056] White has strong compensation.} b6 ({Better is} 16... fxg5 17. Bxg5+ Nf6) 17. g4 $1 Nf8 18. Ng3 Nf7 19. N5e4 Rd8 20. Nh5 Rd4 21. Rfe1 Rg8 22. Bc3 Rxd1+ 23. Rxd1 h6 24. Bb4+ $1 c5 25. Bd2 Bh8 26. b4 Nd7 27. bxc5 Rc8 28. Bb4 {c6+ is the strong threat.} bxc5 29. Ba3 (29. Bd2 $1 $16) 29... Ng5 $11 30. Nhg3 Bg7 31. Rd6 Bf8 32. Ra6 Rc7 33. Nc3 Rb7 34. h4 Nf3 35. Nge4 Kf7 36. Nd5 {[%cal Rd5f6]} Nxh4 (36... Nb6 $11 37. Ndxf6 (37. Nexf6 Nxh4 38. Nxb6 Rxb6 $11) 37... Be7) 37. Re6 {[#]} (37. Nexf6 $6 Nb6 $11) (37. Ndxf6 $14 Nxf6 38. Rxf6+ Kg8 39. Rc6 (39. Bxc5 Bxc5 40. Nxc5 Rc7 $17)) 37... Nf3 (37... h5 $1 $15 38. Ndxf6 (38. gxh5 Nxf5) 38... hxg4 39. Nxg4 Nxf5 40. Ng5+ Kg7) 38. Ndxf6 Nd4 39. Nxd7 Rxd7 40. Rxe5 Ne2+ 41. Kc2 Nd4+ 42. Kb1 Nf3 43. Re6 Rd4 44. Rf6+ Kg7 45. Rxf8 Rxe4 46. Bxc5 {[%mdl 4096] Endgame KRB-KRN} a5 47. Ra8 a4 48. Ra7+ Kf6 $1 49. Ra6+ Kf7 50. Rxh6 {Threatening Rh3.} Rxg4 51. Ra6 Rf4 52. f6 Rxf6 53. Rxa4 Ke8 54. Ra7 Rf7 55. Ra8+ Kd7 56. Kb2 Kc6 57. Be3 Ne5 58. Kc3 Kb7 59. Ra7+ Kc6 60. Ra6+ Kb7 61. Rb6+ Kc7 62. Rb5 Nd7 63. a4 Kc6 64. Rh5 {Black should prevent a5.} Rf3 65. Kd4 Rf1 66. Rh6+ Kb7 67. Kd5 Rf6 68. Rh7 Kc7 69. Bd4 Rd6+ (69... Ra6 $11) 70. Kc4 $14 {Black must now prevent Be5.} Rc6+ 71. Kb5 Rc1 (71... Rg6 $142 72. a5 Rg5+ 73. Kb4 Kc8) 72. a5 $16 {And now a6 would win.} Rb1+ 73. Kc4 $1 Kc6 74. Rh6+ Kc7 75. a6 Rb8 $2 {[%mdl 8192]} (75... Rf1 $16 76. a7 Rf8) 76. Rh7 $2 (76. Bg1 $1 $18 {[%cal Rg1h2]} Rc8 77. Bh2+ Kd8+ 78. Kb4) 76... Kc6 77. Rh6+ $2 {[%mdl 8192]} (77. a7 $16 Rd8 78. Kb3) 77... Kc7 $18 {[#]} 78. a7 $2 (78. Bg1 $1 $18 {[%cal Rg1h2] and the rest is easy. Intending Bh2+ and mate.} Ne5+ 79. Kc5) 78... Rd8 79. Kb5 Kb7 80. Rd6 {Threatens to win with Rd5.} Ka8 81. Bf6 (81. Ka5 $16 Kb7 82. Kb5) 81... Rf8 82. Bd4 ({White should try} 82. Ba1 $11 Rf5+ 83. Kb4) 82... Rd8 $1 $16 83. Bb6 (83. Rd5 $16 Rc8 84. Rxd7) 83... Rc8 84. Be3 Ne5 85. Bc5 Nd7 86. Be3 Ne5 $1 87. Rd5 Nc6 $1 88. Rd7 Re8 89. Bc5 {White wants to play Kb6.} Rc8 (89... Ne7 $11) 90. Bb6 (90. Bg1 $1 $14) 90... Ne7 $11 91. Bc5 (91. Bg1 $11 Re8 92. Bc5) 91... Nc6 $14 92. Bb6 (92. Bg1 $14) 92... Ne7 $11 93. Bd4 Nc6 (93... Re8 $11) 94. Bc5 (94. Bg1 $1 $14) 94... Ne7 95. Be3 Nc6 96. Bf2 {With the idea Bc5.} Ne7 $1 97. Bg1 Nc6 (97... Rc1 $11) 98. Be3 (98. Ka6 $14) 98... Ne7 99. Bg1 (99. Rxe7 Rc5+ 100. Kb4 Rc4+ 101. Kb5 Rc5+ 102. Kb4 Rc4+ 103. Ka5 Ra4+ 104. Kb5 Rb4+ 105. Ka6 (105. Ka5 Ra4+ 106. Kb5 Rb4+ 107. Ka5 Ra4+ $16) 105... Re4) 99... Nc6 100. Bf2 Ne7 $1 {[#]} 101. Rd4 ({Of course not} 101. Rxe7 Rc5+ 102. Kb6 Rb5+ 103. Kc6 Rc5+ 104. Kd7 Rc7+ 105. Kxc7 $11) ({White should play} 101. Ka5 $1 $16 Re8 102. Kb5) 101... Nc6 {The position is equal.} 102. Ra4 Rc7 103. Bb6 Nxa7+ 104. Kb4 Rh7 105. Rxa7+ {Precision: White = 46%, Black = 54%.} 1/2-1/2

[Event "Australian-ch 2018"]
[Site "Sydney"]
[Date "2018.01.10"]
[Round "9"]
[White "Izzat, Kanan"]
[Black "Illingworth, Max"]
[Result "0-1"]
[WhiteElo "2487"]
[BlackElo "2494"]
[PlyCount "48"]
[EventDate "2018.01.02"]
[EventType "tourn"]
[EventCountry "AUS"]

{[%evp 19,48,-20,0,-16,-18,-29,-34,-35,-33,-137,-138,-751,-750,-1072,-1059,-981,-421,-851,-389,-1264,-1252,-1562,-1026,-1000,-788,-776,-772,-831,-819,-1032,-1031]} 1. d4 Nf6 2. c4 e6 3. Nf3 d5 4. Nc3 a6 5. Bg5 dxc4 6. e4 {D24: Queen's Gambit Accepted: 3 Nf3 Nf6 4 Nc3} b5 7. e5 h6 8. Bh4 g5 9. Nxg5 hxg5 10. Bxg5 Nbd7 $1 {[%cal Bb8d7,Bd7f6,Bf6d5,Bd5b4,Bb4c2][%mdl 32] LiveBook: 16 Games} 11. Qf3 Rb8 12. exf6 Bb7 13. Qe3 Nxf6 14. d5 $146 (14. h4 $15) 14... Nxd5 $17 15. Qd4 $2 {[%mdl 8192] [#]} (15. Qe5 $17 Rh5 16. h4) 15... Qxg5 $19 16. Qxh8 Nb4 17. Rd1 Nc2+ 18. Ke2 Ke7 (18... b4 $142 19. Na4 c3 20. bxc3 Qb5+ 21. c4 Qxa4) 19. Qh7 $2 (19. h4 Qf4 20. Qh5) 19... Bh6 {[#] aiming for ...Qe5+.Black is clearly winning.} 20. Ne4 Qf4 21. g3 Bxe4 {[%csl Ge4][%cal Rf4f3]} 22. gxf4 Bxh7 23. Kf3 c5 24. Bh3 Nd4+ {Precision: White = 28%, Black = 77%.} 0-1

[Event "Australian-ch 2018"]
[Site "Sydney"]
[Date "2018.01.10"]
[Round "9"]
[White "Ly, Moulthun"]
[Black "Clarke, Brandon G I"]
[Result "1-0"]
[WhiteElo "2480"]
[BlackElo "2360"]
[PlyCount "151"]
[EventDate "2018.01.02"]
[EventType "tourn"]
[EventCountry "AUS"]

{[%evp 17,151,54,66,64,62,52,72,67,72,56,62,57,92,77,81,77,124,130,122,122,108,57,60,58,61,57,68,36,37,0,12,20,20,0,0,0,4,0,4,-20,-11,-16,-8,-29,-22,-22,0,0,0,0,33,13,16,36,30,26,66,63,47,14,21,14,66,62,61,62,72,64,84,81,80,70,93,90,90,94,105,101,109,99,113,100,107,93,101,98,101,91,91,82,106,60,106,101,108,108,106,101,108,108,108,106,106,101,113,110,115,100,121,121,121,121,121,121,111,108,106,102,201,194,196,178,170,176,299,311,289,308,309,200,297,270,305,248,298,233]} 1. e4 c5 2. Nf3 d6 3. Bb5+ Nc6 4. O-O Bd7 5. Re1 Nf6 6. c3 a6 {B51: Sicilian: Moscow Variation (3 Bb5+) without 3...Bd7} 7. Bc4 b5 8. Bf1 e5 9. a4 b4 {LiveBook: 3 Games} 10. d4 bxc3 $146 ({Predecessor:} 10... cxd4 11. cxd4 Be7 12. Nbd2 exd4 13. Nb3 O-O 14. Nfxd4 {½-½ (76) Cornette,M (2591)-Pap,M (2488) Germany 2016}) 11. dxe5 dxe5 12. bxc3 Be7 13. Nbd2 O-O 14. Nc4 Qb8 15. Bg5 Be6 16. a5 Bxc4 17. Bxc4 Qc7 18. Qa4 Rab8 19. Bxa6 ({White should play} 19. Nd2 $16) 19... Ra8 $1 $14 {[%cal Ra8a6]} 20. Bb5 Rxa5 21. Qc4 Na7 {[%cal Bc6a7,Ba7c8,Bc8d6][%mdl 32]} 22. Ba4 Nc8 23. Bc2 {Strongly threatening Rxa5.} h6 {White must now prevent ...Rxa1.} 24. Rxa5 Qxa5 25. Bd2 Nd6 26. Qf1 Qa2 27. Bb1 $1 {[%cal Rb1a2]} Qa4 {[%cal Rd6e4]} 28. Qe2 Nd7 29. Bc1 Rb8 30. Bc2 Qa5 31. Bd2 Qa2 32. Rc1 Nc4 33. Be1 Na3 34. Bd1 Qxe2 35. Bxe2 Rb2 36. Kf1 c4 37. Rd1 $36 {[%mdl 2048] White is more active.} Rb7 38. Bd2 f6 39. Bc1 Nb6 (39... Kh7 $11) 40. Bxa3 Bxa3 41. Rb1 Bc5 42. Bxc4+ Kf8 43. Nh4 Ra7 44. Bb3 Bd6 45. Ke2 Bc7 46. Kd3 Nd7 47. Bd5 Bb6 48. f3 Ra3 49. Ng6+ Ke8 50. Bc6 Ba5 51. Bxd7+ Kxd7 $16 {[%mdl 4096] Endgame KRB-KRN} 52. Rc1 h5 53. Nh4 Bb6 54. Rc2 Bc5 55. Nf5 g6 {[#]} 56. Nh4 $1 g5 57. Nf5 Ra1 58. Ng7 h4 59. h3 Kc6 60. Nf5 Ra4 61. Nh6 Kd6 62. Rb2 Ra7 63. Kc4 Rc7 64. Nf5+ Ke6 65. Kd3 Rd7+ 66. Kc2 Ra7 67. Rb5 Bg1 {[#]} (67... Rc7 $16) 68. Kb3 $1 $18 Rd7 69. Ra5 Rb7+ 70. Kc2 Bb6 (70... Kd7 $142 71. Rd5+ Ke6 72. Rd6+ Kf7) 71. Rb5 Kd7 72. Rd5+ Ke6 73. Rd6+ Kf7 74. Rc6 Kg6 75. Nd6 Rb8 76. Nc4 {Precision: White = 73%, Black = 50%.} 1-0